| 000 | 00924cam a2200289 4500 | ||
|---|---|---|---|
| 999 |
_c61120 _d61120 |
||
| 001 | 3150583 | ||
| 003 | ARRUPE | ||
| 005 | 20170530090809.0 | ||
| 008 | 740521s1975 nyub b 001 0 eng | ||
| 010 | _a 74009836 | ||
| 020 | _a0394480511 | ||
| 040 |
_aDLC _cDLC _dDLC |
||
| 043 | _af------ | ||
| 050 | 0 | 0 |
_aDT21 _b.C45 1975 |
| 082 | 0 | 0 | _a301.29/6/01713 |
| 100 | 0 |
_aChinweizu. _912338 |
|
| 245 | 1 | 4 | _aThe West and the rest of us: white predators, Black slavers, and the African elite. |
| 250 | _a[1st ed.] | ||
| 260 |
_aNew York, _bRandom House _c[1975] |
||
| 300 |
_axvi, 520 p. _bmaps. _c22 cm. |
||
| 504 | _aIncludes bibliographical references. | ||
| 651 | 0 |
_aAfrica _xHistory. _931627 |
|
| 651 | 0 |
_aAfrica _xColonization. _931628 |
|
| 651 | 0 |
_aAfrica _xPolitics and government _y1960- _931629 |
|
| 651 | 0 |
_aAfrica _xForeign economic relations. _931630 |
|
| 906 |
_a7 _bcbc _corignew _d1 _eocip _f19 _gy-gencatlg |
||
| 942 |
_2lcc _cMONOGRAPH |
||